[Event "Europa ch s-16 femenino"]
[Site "Herceg Novi  MNT"]
[Date "2008.09.19"]
[Round "5.12"]
[White "Zalimaite, Ieva"]
[Black "Hitter, Gabriella"]
[Result "0-1"]
[WhiteElo "1844"]
[BlackElo "2075"]
[PlyCount "52"]
[EventDate "2008.09.15"]
[EventType "swiss"]
[EventRounds "9"]
[Source "lmi"]
[SourceDate "2008.09.15"]

1. c4 Nf6 2. g3 e6 3. Bg2 d5 4. Nf3 dxc4 5. Qa4+ c6 6. Qxc4 b5 7. Qc2 Bb7 8. d4
Nbd7 9. O-O c5 10. Bg5 Qb6 11. Rd1 Rc8 12. Bxf6 Nxf6 13. Nc3 cxd4 14. Nxd4 Bxg2
15. Kxg2 e5 16. Qf5 Qb7+ 17. Nf3 e4 18. Ng5 Be7 19. Nd5 e3 20. f3 Rc5 21. Rac1
Rxd5 22. Rc8+ Bd8 23. Ne4 Rxd1 24. Qe5+ Qe7 25. Qxb5+ Rd7 26. Nc5 O-O 0-1

[Event "Europa ch s-16 femenino"]
[Site "Herceg Novi  MNT"]
[Date "2008.09.19"]
[Round "5.13"]
[White "Schut, Donna"]
[Black "Kolaric, Spela"]
[Result "1-0"]
[WhiteElo "2069"]
[BlackElo "1890"]
[PlyCount "77"]
[EventDate "2008.09.15"]
[EventType "swiss"]
[EventRounds "9"]
[Source "lmi"]
[SourceDate "2008.09.15"]

1. e4 c5 2. Nf3 e6 3. d4 cxd4 4. Nxd4 a6 5. Nc3 b5 6. Bd3 d6 7. O-O Nf6 8. a4
b4 9. Na2 e5 10. Nf3 Nc6 11. c3 Rb8 12. Bd2 bxc3 13. Bxc3 Be7 14. b4 O-O 15.
Qe2 Ra8 16. b5 axb5 17. axb5 Na5 18. Rfb1 Be6 19. Nb4 Rc8 20. Qe1 Qc7 21. Nd5
Nxd5 22. Bxa5 Nb6 23. Qe3 Nc4 24. Bxc7 Nxe3 25. b6 Ng4 26. Ba6 Nf6 27. Bxc8
Bxc8 28. b7 Bxb7 29. Rxb7 Nxe4 30. Rb8 Rxb8 31. Bxb8 f5 32. Ra7 Kf8 33. Kf1 h6
34. Bc7 Nc5 35. Ba5 g5 36. Ke2 Ne6 37. Bb4 g4 38. Nxe5 Nf4+ 39. Kf1 1-0

[Event "Europa ch s-16 femenino"]
[Site "Herceg Novi  MNT"]
[Date "2008.09.19"]
[Round "5.14"]
[White "Iordanidou, Zoi"]
[Black "Trapeznikova, Darya"]
[Result "1-0"]
[WhiteElo "2060"]
[BlackElo "1919"]
[PlyCount "69"]
[EventDate "2008.09.15"]
[EventType "swiss"]
[EventRounds "9"]
[Source "lmi"]
[SourceDate "2008.09.15"]

1. e4 e6 2. d3 d5 3. Nd2 Nf6 4. Ngf3 c5 5. g3 Nc6 6. Bg2 Be7 7. O-O O-O 8. Re1
b5 9. e5 Nd7 10. Nf1 Bb7 11. h4 c4 12. d4 Qb6 13. c3 b4 14. N1h2 a5 15. Ng5 a4
16. a3 bxc3 17. bxc3 Qc7 18. Qh5 Bxg5 19. hxg5 Ne7 20. Bf4 Rab8 21. Ng4 Ng6 22.
Bf3 f5 23. gxf6 Nxf4 24. gxf4 gxf6 25. Kg2 fxe5 26. fxe5 Nb6 27. Rh1 Kh8 28.
Rh3 Bc6 29. Rah1 Rf7 30. Nf6 Rb7 31. Rg3 Rb8 32. Bg4 Rg7 33. Bxe6 Rxg3+ 34.
fxg3 Rb7 35. Bd7 1-0

[Event "Europa ch s-16 femenino"]
[Site "Herceg Novi  MNT"]
[Date "2008.09.19"]
[Round "5.15"]
[White "Thorsteinsdottir, Hallgerdur"]
[Black "Abdulla, Khayala Mardan Qizi"]
[Result "0-1"]
[WhiteElo "1907"]
[BlackElo "2029"]
[PlyCount "50"]
[EventDate "2008.09.15"]
[EventType "swiss"]
[EventRounds "9"]
[Source "lmi"]
[SourceDate "2008.09.15"]

1. e4 c5 2. Nf3 e6 3. d4 cxd4 4. Nxd4 a6 5. c4 Nf6 6. Nc3 Qc7 7. Be3 b6 8. Be2
Bb7 9. Qc2 Be7 10. O-O O-O 11. f4 d6 12. Rad1 Nbd7 13. b3 Rac8 14. f5 e5 15.
Nf3 Ng4 16. Bf2 Nxf2 17. Kxf2 Nf6 18. h3 b5 19. g4 b4 20. Nd5 Bxd5 21. exd5
Qc5+ 22. Kg3 Nxd5 23. Rxd5 Qxd5 24. cxd5 Rxc2 25. Bxa6 Ra8 0-1

[Event "Europa ch s-16 femenino"]
[Site "Herceg Novi  MNT"]
[Date "2008.09.19"]
[Round "5.16"]
[White "Stetsko, Lanita"]
[Black "Trubitsyna, Yulia"]
[Result "1-0"]
[WhiteElo "2022"]
[BlackElo "1872"]
[PlyCount "39"]
[EventDate "2008.09.15"]
[EventType "swiss"]
[EventRounds "9"]
[Source "lmi"]
[SourceDate "2008.09.15"]

1. e4 d6 2. d4 Nf6 3. Nc3 g6 4. g3 Bg7 5. Bg2 O-O 6. Nge2 Nc6 7. h3 e5 8. Be3
exd4 9. Nxd4 Re8 10. O-O Ne5 11. Qe2 c6 12. f4 Ned7 13. Nb3 Nxe4 14. Nxe4 d5
15. Nd6 Re6 16. Nxc8 d4 17. Nd6 Rxe3 18. Qc4 Qe7 19. Nxb7 Rxg3 20. Qxc6 1-0

[Event "Europa ch s-16 femenino"]
[Site "Herceg Novi  MNT"]
[Date "2008.09.19"]
[Round "5.18"]
[White "Forgues, Valerie"]
[Black "Haug, Marianne Wold"]
[Result "1-0"]
[WhiteElo "1999"]
[BlackElo "1881"]
[PlyCount "55"]
[EventDate "2008.09.15"]
[EventType "swiss"]
[EventRounds "9"]
[Source "lmi"]
[SourceDate "2008.09.15"]

1. e4 c5 2. Nf3 g6 3. d4 cxd4 4. Nxd4 Nc6 5. Be2 Bg7 6. Nb3 a5 7. a4 Nf6 8. Nc3
O-O 9. O-O Nb4 10. Be3 d5 11. exd5 Nfxd5 12. Nxd5 Qxd5 13. c3 Qxd1 14. Raxd1
Nc6 15. Bb6 Bf5 16. Nc5 Ne5 17. h3 g5 18. Rd2 Rfc8 19. Bb5 h5 20. Rfd1 Nc6 21.
Nxb7 Rab8 22. Bxc6 Rxc6 23. Rd8+ Kh7 24. Rxb8 Rxb6 25. Rd5 Be4 26. Rb5 Rxb5 27.
axb5 Be5 28. Re8 1-0

[Event "Europa ch s-16 femenino"]
[Site "Herceg Novi  MNT"]
[Date "2008.09.19"]
[Round "5.21"]
[White "Lysenko, Maria"]
[Black "Miladinovic, Lena"]
[Result "1-0"]
[WhiteElo "1915"]
[BlackElo "1850"]
[PlyCount "55"]
[EventDate "2008.09.15"]
[EventType "swiss"]
[EventRounds "9"]
[Source "lmi"]
[SourceDate "2008.09.15"]

1. d4 Nf6 2. Nf3 e6 3. e3 b6 4. Bd3 Bb7 5. O-O Be7 6. c4 O-O 7. Nc3 d6 8. b3 c5
9. Bb2 a6 10. a3 cxd4 11. exd4 d5 12. Ne5 dxc4 13. bxc4 Nc6 14. Ne2 Qc7 15. Nf4
Rad8 16. Re1 Kh8 17. Nxc6 Bxc6 18. Nh5 Ba8 19. d5 Rg8 20. Nxf6 gxf6 21. Re3 Rg7
22. Qh5 Rdg8 23. Rh3 Rxg2+ 24. Kh1 R8g7 25. Bxh7 R7g5 26. Qh6 Bf8 27. Bxf6+ Bg7
28. Bg6+ 1-0

[Event "Europa ch s-16 femenino"]
[Site "Herceg Novi  MNT"]
[Date "2008.09.19"]
[Round "5.22"]
[White "Johannsdottir, Johanna Bjorg"]
[Black "Jimenez Lupianez, Laura"]
[Result "0-1"]
[WhiteElo "1655"]
[BlackElo "1901"]
[PlyCount "54"]
[EventDate "2008.09.15"]
[EventType "swiss"]
[EventRounds "9"]
[Source "lmi"]
[SourceDate "2008.09.15"]

1. e4 e5 2. Nf3 Nc6 3. Bc4 Nf6 4. d3 h6 5. O-O d6 6. c3 g6 7. Re1 Bg7 8. Nbd2
O-O 9. Nf1 Bd7 10. Bb3 Nh5 11. Be3 Qf6 12. Qc1 g5 13. Ng3 Bg4 14. Nxh5 Bxh5 15.
Nd2 Kh8 16. f3 Bg6 17. Nf1 Qd8 18. h4 Bf6 19. Nh2 gxh4 20. Bxh6 Rg8 21. Ng4 Bh5
22. Nxf6 Qxf6 23. Kh2 Rxg2+ 24. Kxg2 Rg8+ 25. Kh2 Qxf3 26. Rg1 Qe2+ 27. Kh3
Bg4+ 0-1

[Event "Europa ch s-16 femenino"]
[Site "Herceg Novi  MNT"]
[Date "2008.09.19"]
[Round "5.25"]
[White "Ponomarenko, Natalia"]
[Black "Narva, Ann"]
[Result "1/2-1/2"]
[WhiteElo "1961"]
[BlackElo "1647"]
[PlyCount "84"]
[EventDate "2008.09.15"]
[EventType "swiss"]
[EventRounds "9"]
[Source "lmi"]
[SourceDate "2008.09.15"]

1. d4 f5 2. c4 g6 3. g3 Nf6 4. Bg2 Bg7 5. Nf3 d6 6. Nc3 O-O 7. O-O Qe8 8. d5 a5
9. Nd4 Na6 10. e4 fxe4 11. Nxe4 Nxe4 12. Bxe4 Rb8 13. Re1 Qf7 14. f4 Nc5 15.
Bg2 Bg4 16. Nf3 Kh8 17. h3 Bd7 18. Qe2 Rbe8 19. Be3 Ne4 20. Kh2 h6 21. Bd4 Nf6
22. Bc3 e6 23. Qc2 exd5 24. Nh4 Kh7 25. cxd5 b6 26. Rac1 Rc8 27. Re3 Rfe8 28.
Rce1 Rxe3 29. Rxe3 Re8 30. Rxe8 Bxe8 31. Qd3 Kg8 32. Bf3 Nd7 33. Bxg7 Qxg7 34.
Qe2 Qf7 35. Bg4 Nc5 36. b3 Kg7 37. Qb2+ Qf6 38. Qe2 Qf7 39. f5 g5 40. Ng2 Kf8
41. Ne3 Qe7 42. Nc2 Qf6 1/2-1/2

[Event "Europa ch s-16 femenino"]
[Site "Herceg Novi  MNT"]
[Date "2008.09.19"]
[Round "5.30"]
[White "Frey, Alisa"]
[Black "Ignat, Xenia"]
[Result "1-0"]
[WhiteElo "1939"]
[BlackElo "1748"]
[PlyCount "93"]
[EventDate "2008.09.15"]
[EventType "swiss"]
[EventRounds "9"]
[Source "lmi"]
[SourceDate "2008.09.15"]

1. e4 c6 2. d4 d5 3. Nc3 dxe4 4. Nxe4 h6 5. Nf3 Bf5 6. Nc5 Qc8 7. Bf4 Nf6 8.
Bc4 e6 9. O-O Nbd7 10. Nd3 Be7 11. Re1 O-O 12. Nde5 Nb6 13. Bd3 Bxd3 14. Qxd3
Nbd5 15. Bd2 Qc7 16. c4 Nb6 17. h3 Rad8 18. Bf4 Qc8 19. Qc2 c5 20. d5 exd5 21.
Ng6 fxg6 22. Rxe7 Rd7 23. Rae1 Rf7 24. Rxf7 Rxf7 25. Qxg6 Nxc4 26. b3 Nb6 27.
Bxh6 Ne4 28. Rxe4 dxe4 29. Ng5 Qf5 30. Qxf7+ Qxf7 31. Nxf7 Kxf7 32. Be3 Nd7 33.
Kh2 Kf6 34. g4 g6 35. Kg3 Ke5 36. h4 a6 37. h5 gxh5 38. gxh5 Kf5 39. h6 Kg6 40.
Kf4 Nf6 41. Ke5 b6 42. Kd6 Ng4 43. Kc6 Nxh6 44. Bxh6 Kxh6 45. Kxb6 Kg5 46. Kxc5
a5 47. Kd4 1-0

[Event "Europa ch s-16 femenino"]
[Site "Herceg Novi  MNT"]
[Date "2008.09.21"]
[Round "6.1"]
[White "Tsatsalashvili, Keti"]
[Black "Repina, Varvara"]
[Result "1-0"]
[WhiteElo "2271"]
[BlackElo "2201"]
[PlyCount "95"]
[EventDate "2008.09.15"]
[EventType "swiss"]
[EventRounds "9"]
[Source "lmi"]
[SourceDate "2008.09.15"]

1. d4 d5 2. c4 dxc4 3. Nf3 Nf6 4. e3 e6 5. Bxc4 a6 6. Qe2 c5 7. dxc5 Bxc5 8.
O-O b5 9. Bd3 Nc6 10. a4 b4 11. Nbd2 Bb7 12. Nb3 Bb6 13. e4 Qc7 14. Bd2 Ng4 15.
g3 O-O 16. Bf4 e5 17. Bg5 h6 18. Bd2 Rfd8 19. Rad1 Rxd3 20. Qxd3 a5 21. Nh4 Ba6
22. Qf3 h5 23. h3 Bxf1 24. Rxf1 Nf6 25. Rc1 Rc8 26. Bg5 Nh7 27. Be3 Bd4 28. Nf5
Qd7 29. Rd1 Qe6 30. Bxd4 exd4 31. Nbxd4 Nxd4 32. Rxd4 g6 33. Rd6 Rc1+ 34. Kg2
Ng5 35. Rxe6 Nxf3 36. Re8+ Kh7 37. Kxf3 gxf5 38. exf5 Rb1 39. Re2 Kg7 40. g4 h4
41. g5 b3 42. Rd2 Rg1 43. Rd5 Rb1 44. Rxa5 Rxb2 45. Rb5 Rb1 46. Kg4 Ra1 47.
Rxb3 Rxa4+ 48. f4 1-0

[Event "Europa ch s-16 femenino"]
[Site "Herceg Novi  MNT"]
[Date "2008.09.21"]
[Round "6.2"]
[White "Shvayger, Yuliya"]
[Black "Gvanceladze, Anna"]
[Result "1-0"]
[WhiteElo "2151"]
[BlackElo "2017"]
[PlyCount "83"]
[EventDate "2008.09.15"]
[EventType "swiss"]
[EventRounds "9"]
[Source "lmi"]
[SourceDate "2008.09.15"]

1. e4 c6 2. d4 d5 3. f3 dxe4 4. fxe4 e5 5. Nf3 exd4 6. Bc4 Bb4+ 7. c3 Ba5 8.
O-O Nf6 9. cxd4 b5 10. Bxf7+ Kxf7 11. e5 Qd5 12. exf6 gxf6 13. Nc3 Bxc3 14.
bxc3 Rg8 15. Bf4 Be6 16. Bg3 Nd7 17. Qc2 Kg7 18. Nh4 Rge8 19. Rf4 Rac8 20. Raf1
c5 21. Nf5+ Bxf5 22. Rxf5 Qc4 23. Rh5 Nf8 24. Bd6 Ng6 25. Qd2 Qf7 26. dxc5 Re6
27. Rhf5 Rce8 28. Qd4 Kg8 29. h3 Qb7 30. Rxf6 Re4 31. Qf2 Re2 32. Qg3 Qe4 33.
Bf4 Kg7 34. Bd6 Kg8 35. c6 Kh8 36. c7 Rg8 37. R6f2 Re3 38. Qg5 Qe6 39. Qf6+
Qxf6 40. Rxf6 Ree8 41. Bc5 h6 42. Bd4 1-0

[Event "Europa ch s-16 femenino"]
[Site "Herceg Novi  MNT"]
[Date "2008.09.21"]
[Round "6.3"]
[White "Paikidze, Nazi"]
[Black "Hitter, Gabriella"]
[Result "1-0"]
[WhiteElo "2277"]
[BlackElo "2075"]
[PlyCount "75"]
[EventDate "2008.09.15"]
[EventType "swiss"]
[EventRounds "9"]
[Source "lmi"]
[SourceDate "2008.09.15"]

1. e4 c5 2. Nf3 d6 3. d4 cxd4 4. Nxd4 Nf6 5. Nc3 a6 6. Bg5 e6 7. f4 Be7 8. Qf3
h6 9. Bh4 Qc7 10. O-O-O Nbd7 11. Bd3 g5 12. fxg5 Ne5 13. Qe2 Nfg4 14. h3 hxg5
15. Bg3 Nxd3+ 16. Qxd3 Ne5 17. Bxe5 dxe5 18. Qg3 Bd7 19. Nf3 f6 20. h4 O-O-O
21. hxg5 Rhg8 22. Qh2 f5 23. exf5 exf5 24. Nd5 Qc5 25. Qxe5 Bd6 26. Nb6+ Qxb6
27. Rxd6 Qc7 28. Rd5 Qxe5 29. Rxe5 Rde8 30. Rhe1 Ref8 31. Rc5+ Kb8 32. Re7 Bc8
33. Rcc7 Rd8 34. Rg7 Rh8 35. Rh7 Rhg8 36. Rcg7 Rge8 37. Re7 Rg8 38. Rh6 1-0

[Event "Europa ch s-16 femenino"]
[Site "Herceg Novi  MNT"]
[Date "2008.09.21"]
[Round "6.4"]
[White "Adamowicz, Katarzyna"]
[Black "Savina, Anastasia"]
[Result "1/2-1/2"]
[WhiteElo "2063"]
[BlackElo "2269"]
[PlyCount "174"]
[EventDate "2008.09.15"]
[EventType "swiss"]
[EventRounds "9"]
[Source "lmi"]
[SourceDate "2008.09.15"]

1. e4 c5 2. Nf3 e6 3. d4 cxd4 4. Nxd4 a6 5. Bd3 Bc5 6. Nb3 Ba7 7. Qe2 d6 8. O-O
Nf6 9. a4 Nc6 10. Be3 Bxe3 11. Qxe3 O-O 12. f4 Nb4 13. Kh1 e5 14. Nc3 Ng4 15.
Qg3 Nxd3 16. cxd3 Qb6 17. Ra3 Qe3 18. Rf3 exf4 19. Qh4 Qb6 20. Nd5 Qd8 21. Ne7+
Kh8 22. Rxf4 Nf6 23. Nf5 Bxf5 24. Rxf5 Rc8 25. Ra1 Qb6 26. Rxf6 Qxb3 27. Rxd6
Qxb2 28. Rf1 Rc1 29. Qf4 Rxf1+ 30. Qxf1 h6 31. Qg1 Rc8 32. Rb6 Qa3 33. Rb1 Qxd3
34. Rxb7 Qxe4 35. Rxf7 Qxa4 36. h3 Qb3 37. Rf3 Qb2 38. Rf2 Qa3 39. Rf3 Qb2 40.
Rf2 Qe5 41. Qf1 Qb5 42. Qd1 a5 43. Rf7 Qb2 44. Qd6 Qb8 45. Qxb8 Rxb8 46. Ra7
Rb5 47. Kh2 Kh7 48. Kg3 Kg6 49. Kf4 Rb4+ 50. Ke5 Rb5+ 51. Kf4 Rf5+ 52. Ke4 Rg5
53. g4 h5 54. Kf4 Rb5 55. Ra6+ Kh7 56. Ra7 Kh6 57. gxh5 Rxh5 58. Kg4 Rb5 59.
Ra6+ g6 60. h4 Rb4+ 61. Kg3 Ra4 62. Ra7 Ra1 63. Kh3 a4 64. Ra5 a3 65. Kh2 a2
66. Kg2 Kg7 67. Kh2 Kf6 68. Kg2 Ke6 69. Kh2 Kd6 70. Kg2 Kc6 71. Kh2 Kb6 72. Ra8
Kb5 73. Rb8+ Kc4 74. Rc8+ Kd4 75. Rd8+ Ke4 76. Ra8 Kf4 77. Kg2 Kg4 78. Ra4+ Kh5
79. Kh2 Rb1 80. Rxa2 Kxh4 81. Ra4+ Kh5 82. Kg3 Rb3+ 83. Kg2 g5 84. Rc4 g4 85.
Rc8 Rb2+ 86. Kg3 Rb3+ 87. Kg2 Kg5 1/2-1/2

[Event "Europa ch s-16 femenino"]
[Site "Herceg Novi  MNT"]
[Date "2008.09.21"]
[Round "6.5"]
[White "Suslova, Alena"]
[Black "Manelidou, Maria"]
[Result "1-0"]
[WhiteElo "2184"]
[BlackElo "1975"]
[PlyCount "117"]
[EventDate "2008.09.15"]
[EventType "swiss"]
[EventRounds "9"]
[Source "lmi"]
[SourceDate "2008.09.15"]

1. c4 Nf6 2. Nf3 e6 3. g3 b6 4. Bg2 Bb7 5. O-O Be7 6. Nc3 O-O 7. d3 d6 8. e4
Nbd7 9. h3 h6 10. Be3 Nh7 11. Nd4 c5 12. Nde2 Qc8 13. f4 f5 14. Qd2 a6 15. b3
Qc7 16. d4 fxe4 17. Nxe4 Ndf6 18. N2c3 Nxe4 19. Nxe4 Nf6 20. Nxf6+ Bxf6 21.
Rae1 Bxg2 22. Kxg2 Rad8 23. d5 Qb7 24. Qd3 Rfe8 25. Kh2 exd5 26. cxd5 Re7 27.
Bf2 Rde8 28. Rxe7 Rxe7 29. Rd1 b5 30. Rd2 Qc7 31. Rc2 Re8 32. h4 Qe7 33. Kg2
Qf7 34. Rd2 Qc7 35. Rc2 Qf7 36. Kh2 Qd7 37. Qg6 Qf7 38. Qf5 Bd8 39. Qd3 Qe7 40.
Kg2 Ba5 41. Kf3 Be1 42. Bg1 Ba5 43. Bf2 Be1 44. Bg1 Ba5 45. Be3 Qf7 46. g4 Re5
47. h5 Qxd5+ 48. Qxd5+ Rxd5 49. Rc1 Rd3 50. Ke4 c4 51. bxc4 bxc4 52. Rxc4 Ra3
53. Bd4 Rxa2 54. Rc6 Re2+ 55. Kf3 Re8 56. Rxa6 Bc7 57. Ra7 Re7 58. Bb6 Bd8 59.
Ra8 1-0

[Event "Europa ch s-16 femenino"]
[Site "Herceg Novi  MNT"]
[Date "2008.09.21"]
[Round "6.6"]
[White "Abdulla, Khayala Mardan Qizi"]
[Black "Soloviova, Liza"]
[Result "1-0"]
[WhiteElo "2029"]
[BlackElo "2148"]
[PlyCount "111"]
[EventDate "2008.09.15"]
[EventType "swiss"]
[EventRounds "9"]
[Source "lmi"]
[SourceDate "2008.09.15"]

1. e4 e5 2. Nf3 Nf6 3. Nxe5 d6 4. Nf3 Nxe4 5. d4 Be7 6. Bd3 Nf6 7. O-O Bg4 8.
Re1 O-O 9. Bg5 Nbd7 10. Nbd2 h6 11. Bh4 Re8 12. h3 Bh5 13. c3 Nd5 14. Bxe7 Rxe7
15. Qb3 Rxe1+ 16. Rxe1 Nf4 17. Bb1 Rb8 18. Kh2 Bg6 19. Bxg6 Nxg6 20. Ne4 Nb6
21. Ng3 Qd7 22. Qc2 Nd5 23. Qe4 Nf6 24. Qf5 Qa4 25. a3 a6 26. h4 Re8 27. Rxe8+
Qxe8 28. h5 Ne7 29. Qf4 Qb5 30. b4 Nxh5 31. Qe4 Ng6 32. Nxh5 Qxh5+ 33. Kg1 Qb5
34. Nd2 d5 35. Qf3 Nf8 36. Nf1 c6 37. Ng3 Qb6 38. Nf5 Qc7 39. Qg4 Ng6 40. Qe2
Qd7 41. Qg4 Qe6 42. Kf1 Kh7 43. a4 Qf6 44. Ne3 Nf4 45. Qd7 Qg6 46. Qf5 Qxf5 47.
Nxf5 Ne6 48. Nd6 Nd8 49. Ke2 g6 50. Kd3 Kg7 51. b5 axb5 52. a5 Kf6 53. Nxb7 Ke7
54. Nc5 Kd6 55. a6 Ne6 56. Nxe6 1-0

[Event "Europa ch s-16 femenino"]
[Site "Herceg Novi  MNT"]
[Date "2008.09.21"]
[Round "6.7"]
[White "Grigorian, Marine"]
[Black "Schut, Donna"]
[Result "0-1"]
[WhiteElo "2131"]
[BlackElo "2069"]
[PlyCount "102"]
[EventDate "2008.09.15"]
[EventType "swiss"]
[EventRounds "9"]
[Source "lmi"]
[SourceDate "2008.09.15"]

1. e4 e6 2. d3 d5 3. Qe2 Nc6 4. Nf3 e5 5. c3 Nf6 6. Nbd2 Be7 7. g3 O-O 8. Bg2
a5 9. O-O dxe4 10. Nxe4 Bf5 11. Bd2 Nxe4 12. dxe4 Bg4 13. h3 Be6 14. Be3 a4 15.
Rfd1 Qc8 16. Kh2 h6 17. Nd2 Rd8 18. Rg1 Kh8 19. f4 exf4 20. gxf4 Re8 21. Raf1
Bf6 22. f5 Bxa2 23. Qh5 Kh7 24. Ra1 Bb3 25. Nxb3 axb3 26. Rxa8 Qxa8 27. Qxf7
Ne5 28. Qxb3 c6 29. Kh1 Qa6 30. Bd4 Qd3 31. Qxb7 Qg3 32. Qc7 c5 33. Bxc5 Rc8
34. Bf2 Qxg2+ 35. Kxg2 Rxc7 36. Bg3 Rd7 37. Bxe5 Bxe5 38. Rf1 Kg8 39. Rf2 Kf7
40. Kf3 Rd3+ 41. Ke2 Rxh3 42. Kd1 Re3 43. Re2 Rxe2 44. Kxe2 Kf6 45. Kd3 Kg5 46.
b4 Kf4 47. c4 h5 48. c5 Kf3 49. b5 h4 50. b6 h3 51. c6 h2 0-1

[Event "Europa ch s-16 femenino"]
[Site "Herceg Novi  MNT"]
[Date "2008.09.21"]
[Round "6.8"]
[White "Gorozhankina, Julia"]
[Black "Iordanidou, Zoi"]
[Result "0-1"]
[WhiteElo "2094"]
[BlackElo "2060"]
[PlyCount "98"]
[EventDate "2008.09.15"]
[EventType "swiss"]
[EventRounds "9"]
[Source "lmi"]
[SourceDate "2008.09.15"]

1. e4 d5 2. exd5 Nf6 3. c4 e6 4. dxe6 Bxe6 5. Nc3 Nc6 6. Nf3 Qe7 7. Qe2 O-O-O
8. a3 Qd7 9. d3 Bc5 10. Be3 Bxe3 11. fxe3 Bg4 12. O-O-O Rhe8 13. Qf2 Qf5 14.
Be2 Bxf3 15. Qxf3 Qxf3 16. Bxf3 Rxe3 17. Nd5 Nxd5 18. Bxd5 Ne5 19. Rhf1 c6 20.
Bxf7 Nxd3+ 21. Kc2 Re2+ 22. Kc3 Nxb2 23. Rxd8+ Kxd8 24. Bg8 Rxg2 25. Rf8+ Kc7
26. Rf7+ Kb6 27. Bxh7 Na4+ 28. Kd4 Rxh2 29. Rxg7 Rh4+ 30. Kd3 Rh3+ 31. Kd4 Nc5
32. Bf5 Rxa3 33. Bc8 Rd3+ 34. Ke5 a5 35. Rg1 a4 36. Bf5 Rb3 37. Kd4 a3 38. Rg2
Na4 39. Ra2 c5+ 40. Ke5 Nc3 41. Ra1 a2 42. Kf6 Ka5 43. Ke5 Kb4 44. Kf6 Ka3 45.
Bc2 Kb2 46. Bxb3 Kxa1 47. Ke5 Kb2 48. Bxa2 Kxa2 49. Kd6 b6 0-1

[Event "Europa ch s-16 femenino"]
[Site "Herceg Novi  MNT"]
[Date "2008.09.21"]
[Round "6.9"]
[White "Stetsko, Lanita"]
[Black "Homiakova, Elena"]
[Result "1/2-1/2"]
[WhiteElo "2022"]
[BlackElo "2078"]
[PlyCount "96"]
[EventDate "2008.09.15"]
[EventType "swiss"]
[EventRounds "9"]
[Source "lmi"]
[SourceDate "2008.09.15"]

1. e4 e5 2. Nf3 Nc6 3. Bb5 a6 4. Ba4 Nf6 5. O-O Be7 6. Re1 b5 7. Bb3 d6 8. c3
O-O 9. h3 Nb8 10. d4 Nbd7 11. Nbd2 Bb7 12. Bc2 Re8 13. Nf1 Bf8 14. Ng3 g6 15.
a4 Bg7 16. d5 Nc5 17. a5 Rc8 18. b4 Ncd7 19. Bb3 c6 20. dxc6 Rxc6 21. Bb2 Nf8
22. Qd3 Ne6 23. c4 Nf4 24. Qf1 bxc4 25. Bxc4 Rxc4 26. Qxc4 d5 27. exd5 Bxd5 28.
Qxa6 Bxf3 29. gxf3 Nxh3+ 30. Kf1 Nd5 31. Red1 Re6 32. Qc4 Rd6 33. Rdc1 Ne7 34.
Ne4 Rd3 35. a6 Rxf3 36. a7 Qa8 37. Qc7 Bf8 38. Re1 Rxf2+ 39. Nxf2 Qf3 40. Re2
Nf5 41. Qxe5 Ng3+ 42. Ke1 Bxb4+ 43. Kd1 Nxf2+ 44. Kc1 Nxe2+ 45. Kb1 Qd3+ 46.
Ka2 Qc4+ 47. Kb1 Qd3+ 48. Ka2 Qc4+ 1/2-1/2

[Event "Europa ch s-16 femenino"]
[Site "Herceg Novi  MNT"]
[Date "2008.09.21"]
[Round "6.10"]
[White "Anusca, Madalina-Maria"]
[Black "Zakoscielna, Kinga"]
[Result "0-1"]
[WhiteElo "1949"]
[BlackElo "2125"]
[PlyCount "72"]
[EventDate "2008.09.15"]
[EventType "swiss"]
[EventRounds "9"]
[Source "lmi"]
[SourceDate "2008.09.15"]

1. e4 c5 2. Nf3 Nc6 3. d4 cxd4 4. Nxd4 g6 5. Nc3 Bg7 6. Be3 Nf6 7. Be2 O-O 8.
g4 d5 9. Nxc6 bxc6 10. e5 Nd7 11. f4 e6 12. Na4 Qa5+ 13. c3 c5 14. Nxc5 Nxc5
15. b4 Qa3 16. Bxc5 Qxc3+ 17. Kf2 Rd8 18. Qd4 Qh3 19. Rab1 Bf8 20. Bxf8 Rxf8
21. g5 Qh4+ 22. Ke3 Qh3+ 23. Bf3 Bd7 24. b5 Rfc8 25. Rbc1 Bxb5 26. a4 Bc4 27.
Rb1 Ba2 28. Rb2 Rc4 29. Qd1 Rc3+ 30. Kf2 Bc4 31. Rg1 Qxh2+ 32. Rg2 Qxf4 33. Rg3
Rd3 34. Qh1 Qd4+ 35. Ke1 Qxb2 36. Rh3 Qa1+ 0-1

[Event "Europa ch s-16 femenino"]
[Site "Herceg Novi  MNT"]
[Date "2008.09.21"]
[Round "6.11"]
[White "Papp, Petra"]
[Black "Krasiuk, Kateryna"]
[Result "1-0"]
[WhiteElo "2118"]
[BlackElo "1970"]
[PlyCount "61"]
[EventDate "2008.09.15"]
[EventType "swiss"]
[EventRounds "9"]
[Source "lmi"]
[SourceDate "2008.09.15"]

1. e4 e6 2. d4 d5 3. Nc3 Nf6 4. e5 Nfd7 5. f4 c5 6. Nf3 Nc6 7. Be3 a6 8. Qd2 b5
9. a3 Qb6 10. Ne2 Bb7 11. g3 f6 12. Bh3 fxe5 13. fxe5 cxd4 14. Bxd4 Nxd4 15.
Nexd4 Nc5 16. O-O Ne4 17. Qf4 Bc5 18. c3 h5 19. b4 Be7 20. Bxe6 Nxc3 21. Kh1
Rf8 22. Qe3 Ne4 23. Rac1 g5 24. Nd2 g4 25. Rxf8+ Bxf8 26. N2b3 Qd8 27. Qf4 Qe7
28. Na5 Qh7 29. Bf5 Qe7 30. Bg6+ Kd7 31. e6+ 1-0

[Event "Europa ch s-16 femenino"]
[Site "Herceg Novi  MNT"]
[Date "2008.09.21"]
[Round "6.12"]
[White "Semenova, Elena"]
[Black "Lysenko, Maria"]
[Result "1/2-1/2"]
[WhiteElo "2048"]
[BlackElo "1915"]
[PlyCount "149"]
[EventDate "2008.09.15"]
[EventType "swiss"]
[EventRounds "9"]
[Source "lmi"]
[SourceDate "2008.09.15"]

1. e4 c5 2. Nf3 Nc6 3. Bb5 Nf6 4. Nc3 Qc7 5. d3 Nd4 6. Bc4 a6 7. a4 d6 8. Nxd4
cxd4 9. Ne2 e5 10. c3 dxc3 11. bxc3 Nxe4 12. Bxf7+ Qxf7 13. dxe4 Be7 14. O-O
O-O 15. Rb1 Qc4 16. Rb4 Qc6 17. Qd3 Be6 18. Be3 b5 19. axb5 axb5 20. Qxb5 Qxb5
21. Rxb5 Bc4 22. Rb2 Rfb8 23. Rd2 Rb3 24. Rc1 Raa3 25. f3 Bxe2 26. Rxe2 Rxc3
27. Rce1 d5 28. Bc1 Ra1 29. Bd2 Rxe1+ 30. Bxe1 Rd3 31. exd5 Rxd5 32. Bc3 Bc5+
33. Kf1 Rd1+ 34. Re1 Rxe1+ 35. Kxe1 Bd6 36. Ke2 Kf7 37. Ke3 Ke6 38. Ke4 g6 39.
h3 Bc7 40. Bb4 Bd8 41. Bc3 Bc7 42. Be1 Bd8 43. Bg3 Bf6 44. Bh2 Bg7 45. Bg1 Bf6
46. Bf2 Bd8 47. Be1 Be7 48. Bc3 Bd6 49. g3 Bc7 50. g4 Bd6 51. Be1 Be7 52. Bg3
Bf6 53. Bh2 h5 54. Bg3 hxg4 55. fxg4 Bg7 56. Be1 Bf8 57. Bc3 Bg7 58. Bb2 Bf6
59. Bc3 Bg7 60. g5 Bh8 61. Bb4 Bg7 62. Bc5 Bh8 63. Bf8 Kf7 64. Bh6 Ke6 65. h4
Kd6 66. h5 gxh5 67. Kf5 h4 68. Kg4 Ke6 69. Kxh4 Kf7 70. Kh5 Bg7 71. g6+ Kg8 72.
Be3 e4 73. Kg4 Bc3 74. Bh6 Bg7 75. Be3 1/2-1/2

[Event "Europa ch s-16 femenino"]
[Site "Herceg Novi  MNT"]
[Date "2008.09.21"]
[Round "6.13"]
[White "Veretennikova, Daria"]
[Black "Jimenez Lupianez, Laura"]
[Result "1/2-1/2"]
[WhiteElo "2002"]
[BlackElo "1901"]
[PlyCount "110"]
[EventDate "2008.09.15"]
[EventType "swiss"]
[EventRounds "9"]
[Source "lmi"]
[SourceDate "2008.09.15"]

1. e4 e5 2. Nf3 Nc6 3. Nc3 Nf6 4. d4 exd4 5. Nxd4 Bb4 6. Nxc6 bxc6 7. Bd3 O-O
8. O-O d5 9. exd5 cxd5 10. Bg5 c6 11. Na4 h6 12. Bh4 Rb8 13. c3 Be7 14. Re1 Re8
15. Bc2 Ba6 16. Qd4 Ne4 17. Bxe7 Rxe7 18. Bxe4 dxe4 19. Rxe4 Qxd4 20. Rxd4 Re2
21. h3 Bb5 22. b3 Rc2 23. Rad1 Rxa2 24. Rd8+ Rxd8 25. Rxd8+ Kh7 26. Nc5 Be2 27.
Rd6 Rc2 28. c4 Rc3 29. Rxc6 Bd1 30. Ra6 Bxb3 31. Nxb3 Rxb3 32. Rxa7 Rc3 33. Rc7
h5 34. Kf1 Rc2 35. g3 Kg6 36. Kg2 Kf6 37. Kf3 g5 38. Rc5 Kg6 39. Ke3 f6 40. Rc8
Rc1 41. c5 h4 42. c6 hxg3 43. fxg3 Kg7 44. Ke4 Rc3 45. c7 Rc1 46. Kf5 Rf1+ 47.
Kg4 Rc1 48. Kh5 Rc4 49. h4 gxh4 50. gxh4 Kh7 51. Rf8 Rxc7 52. Rxf6 Rc5+ 53. Kg4
Rd5 54. Re6 Rc5 55. Re7+ Kh6 1/2-1/2